000
00301nam a2200133Ia 4500
100
_a
Richtmyer/F.k/ Cooper/J.N.
250
_a
6
942
_c
BK
654
_a
Physics
245
_a
Introduction to Modern Physics
260
_b
Tata McGraw Hill
_a
New Delhi
_c
1991
300
_a
767
546
_a
ENGLISH
999
_c
26327
_d
26327